|
|
|
|
| LEADER |
00948cam a2200265 7i4500 |
| 001 |
0000039886 |
| 005 |
20230613090000.0 |
| 008 |
230613t20032003xxk# ### #00001eng## |
| 020 |
# |
# |
|a 0745622097
|
| 040 |
# |
# |
|a UMT
|b eng
|c UMT
|e rda
|
| 090 |
0 |
0 |
|a BP 161.3
|b .A36 2003
|
| 100 |
1 |
# |
|a Ahmed, Akbar S.
|e author
|
| 245 |
1 |
0 |
|a Islam under siege :
|b living dangerously in a post-honor world
|c Akbar S. Ahmed.
|
| 264 |
# |
1 |
|a Cambridge, UK:
|b Distributed by Blackwell Pub,
|c 2003
|
| 264 |
# |
4 |
|c ♭2003
|
| 300 |
# |
# |
|a viii, 213 pages;
|c 20 cm.
|
| 336 |
# |
# |
|a text --
|2 rdacontent
|
| 337 |
# |
# |
|a unmediated --
|2 rdamedia
|
| 338 |
# |
# |
|a volume --
|2 rdacarrier
|
| 504 |
# |
# |
|a Includes bibliographical references and index
|
| 590 |
# |
# |
|a Pusat Pendidikan Asas dan Liberal
|
| 650 |
0 |
0 |
|a Islam and world politics
|
| 650 |
0 |
0 |
|a Globalization --
|x Religious aspects --
|x Islam
|
| 650 |
0 |
0 |
|a Islam --
|y 20th century
|
| 999 |
|
|
|a 1100030566
|b Book
|c Open Shelf
|e KOLEKSI TERBUKA
|